• 首页
  • 本馆介绍
  • 公告通知
  • 最新文献
  • 馆藏检索
  • 电子资源
  • 读者导购
  • 参考咨询
  • 我的图书馆
  • 登录
  • 详细信息显示
  • 放入我的书架
  • 预约/预借图书
  • 作者相关作品
  • 分类相关作品
  • 丛书相关作品
  • 出版社相关作品

书目信息

  • 表格格式
  • 工作单格式
  • 卡片格式
题名:
超有趣的精神分析
    
 
作者: ;程亮 译 ;心理之谜研究会 编著
分册:  
出版信息: 武汉   湖北教育出版社  2014.08
页数: 172页
开本: 24cm
丛书名:
单 册:
中图分类: B84-065
科图分类:
主题词: 精神分析--通俗读物 , 精神分析
电子资源:
ISBN: 978-7-5564-0187-1
000 00924nam0 2200265 450
001 006795980
005 20160614145312.54
010    @a978-7-5564-0187-1@dCNY35.00
100    @a20140826d2014 em y0chiy0110 ea
101 0  @achi
102    @aCN@b420000
105    @aa z 000yy
106    @ar
200 1  @a超有趣的精神分析@9chao you qu de jing shen fen xi@f心理之谜研究会编著@g程亮译
210    @a武汉@c湖北教育出版社@d2014.08
215    @a172页@c图@d24cm
330    @a本书中采用了大量的比喻和插图,围绕若干关键词,从不同角度带读者领略精神分析发展至今的历程,从弗洛伊德、荣格等人的古典理论,到与性相关的各种问题和犯罪心理进行了介绍。
333    @a心理学爱好者
606 0  @a精神分析@j通俗读物
606 0  @a精神分析
690    @aB84-065@v5
702  0 @a程亮@9cheng liang@4译
711 02 @a心理之谜研究会@9xin li zhi mi yan jiu hui@4编著
801  0 @aCN@b人天书店@c20140826
905    @b879118-23@dB84-065@e1340@f6
    
    超有趣的精神分析/心理之谜研究会编著/程亮译.-武汉:湖北教育出版社,2014.08
    172页:图;24cm
    使用对象:心理学爱好者
    
    ISBN 978-7-5564-0187-1:CNY35.00
    本书中采用了大量的比喻和插图,围绕若干关键词,从不同角度带读者领略精神分析发展至今的历程,从弗洛伊德、荣格等人的古典理论,到与性相关的各种问题和犯罪心理进行了介绍。
●
相关链接 在E读中查询图书 在五车中查询图书 在当当中查询图书 在豆瓣中查询图书


正题名:超有趣的精神分析     索取号:B84-065/1340         预约/预借

序号 登录号 条形码 馆藏地/架位号 状态 备注
1 879118   208791182   第一样本阅览室/ [索取号:B84-065/1340] 在馆    
2 879119   208791191   教育系资料室/ [索取号:B84-065/1340] 在馆    
3 879120   208791208   教育系资料室/ [索取号:B84-065/1340] 在馆    
4 879121   208791217   教育系资料室/ [索取号:B84-065/1340] 在馆    
5 879122   208791226   第一借阅区/ [索取号:B84-065/1340] 在馆    
6 879123   208791235   第一借阅区/ [索取号:B84-065/1340] 在馆    
唐山师范学院图书馆 欢迎您!
大连网信软件有限公司© 版权所有